000 00681nam a2200217Ia 4500
005 20230208152735.0
008 210716s2009 xx 000 0 und d
020 _a9788177224610
040 _cAIMIT LIBRARY
041 _aeng
082 _a005.41
_21
_bPRAK
100 _aPrasad, K V K K.
_971412
245 _aEmbedded real time systems:
_bconcepts design and programming /
_cBy K V K K Prasad.
250 _a1st ed.
260 _aNew Delhi :
_bDreamtech Press ,
_c2009,
300 _a639 p.;
_c24.5 cm.
650 _aHardware platform
_971413
650 _aTarget image creations
_971414
650 _aMobile java applications
_971415
942 _2ddc
_cBK
_e1st
_k005.41 PRAK
999 _c189991
_d189991